[Event "VIE-chT"]
[Site "Hanoi"]
[Date "2023.04.23"]
[Round "9"]
[White "Duong, Vu Anh"]
[Black "Nguyen, Xuan An"]
[Result "1-0"]
[WhiteElo "1975"]
[BlackElo "1045"]
[PlyCount "63"]
[EventDate "2023.04.18"]
[EventType "swiss"]
[EventRounds "9"]
[EventCountry "VIE"]
[SourceTitle "EXT 2024"]
[Source "ChessBase"]
[SourceDate "2023.10.10"]
[SourceVersion "1"]
[SourceVersionDate "2023.10.10"]
[SourceQuality "1"]

1. c4 e6 2. Nf3 f5 3. d4 Nf6 4. Nc3 Bb4 5. Qb3 Bxc3+ 6. Qxc3 0-0 7. g3 Ne4 8. Qc2 Nc6 9. Bg2 Qf6 10. e3 Nb4 11. Qe2 d5 12. 0-0 b6 13. a3 Nc6 14. b4 dxc4 15. Qxc4 Bb7 16. a4 a6 17. Ba3 Nd6 18. Qc3 Ne4 19. Qc2 b5 20. Qe2 Rab8 21. Rfc1 Nd6 22. Ne5 Nxd4 23. exd4 Qe7 24. Nc6 Bxc6 25. Rxc6 bxa4 26. Rxa6 Nb5 27. Rxe6 Qd8 28. Qe5 Nxa3 29. Rxa3 Rxb4 30. Bd5 Rb1+ 31. Kg2 Rb5 32. Rd6+ 1-0

[Event "VIE-ch U11"]
[Site "Hanoi"]
[Date "2022.06.13"]
[Round "4"]
[White "Nguyen, Xuan An"]
[Black "Nguyen, Khac Bao An"]
[Result "1-0"]
[WhiteElo "2399"]
[BlackElo "2400"]
[PlyCount "119"]
[EventDate "2022.06.11"]
[EventType "swiss"]
[EventRounds "7"]
[EventCountry "VIE"]
[SourceTitle "EXT 2023"]
[Source "ChessBase"]
[SourceDate "2022.10.05"]
[SourceVersion "1"]
[SourceVersionDate "2022.10.05"]
[SourceQuality "1"]

1. d4 e6 2. Nf3 Nf6 3. Nbd2 d5 4. e3 Bd6 5. Bd3 0-0 6. 0-0 b6 7. e4 dxe4 8. Nxe4 Bb7 9. Bg5 Be7 10. Re1 Nbd7 11. c3 Nd5 12. Qc2 h6 13. Bd2 c5 14. Qc1 Bf6 15. dxc5 bxc5 16. Bb5 N5b6 17. Bf4 e5 18. Nxf6+ Qxf6 19. Nxe5 Nxe5 20. Rxe5 Qg6 21. Bg3 a6 22. Be2 Rfe8 23. Qe3 Rxe5 24. Qxe5 Qe6 25. Qxc5 Na4 26. Qe3 Qxe3 27. fxe3 Be4 28. Bf3 Bxf3 29. gxf3 Nxb2 30. Rb1 Nc4 31. Kf2 Kf8 32. Rb4 Rc8 33. Ke2 Rc6 34. Kd3 Nd6 35. e4 Ke7 36. a4 f5 37. e5 Nf7 38. Kd4 g5 39. f4 Nd8 40. c4 a5 41. Rb5 Ne6+ 42. Kd5 Rc7 43. fxg5 Rd7+ 44. Kc6 Nd4+ 45. Kb6 Nxb5 46. cxb5 hxg5 47. Kxa5 Ra7+ 48. Kb4 f4 49. Bf2 Ra8 50. a5 g4 51. b6 Kd7 52. b7 Rb8 53. a6 Kc7 54. e6 Re8 55. Ba7 f3 56. b8Q+ Rxb8+ 57. Bxb8+ Kb6 58. e7 f2 59. e8Q f1Q 60. Qe6# 1-0